Normal view
MARC view
Entry Personal Name
001 - CONTROL NUMBER
- control field: 504599
003 - CONTROL NUMBER IDENTIFIER
- control field: OSt
005 - DATE AND TIME OF LATEST TRANSACTION
- control field: 20220928143100.0
008 - FIXED-LENGTH DATA ELEMENTS
- fixed length control field: 220928|| aca||aabn | a|a d
040 ## - CATALOGING SOURCE
- Original cataloging agency: OSt
- Transcribing agency: OSt
100 ## - HEADING--PERSONAL NAME
- Personal name: Batiya Kailashchander
670 ## - SOURCE DATA FOUND
- Source citation: Work cat.: (OSt)823136: Batiya Kailashchander, Hindi bhasha me achar tatha shabd ki seema., 1970
